00391nam a2200097 4500008004100000245012900041260002200170300003800192650004100230773002200271191226b ||||| |||| 00| 0 eng d aA critical assessment of the Draft National Education Policy, 2019: Jawaharlal Nehru University Teachers Association (JNUTA) bSocial Scientist  a47(9-10), Sep-Oct, 2019: p.27-49. aDraft National Education Policy 2019 aSocial Scientist